2019 Kingsport Mets Roster - Statistics

General Stats
  • This quiz has been taken 3 times
  • The average score is 15 of 45
Answer Stats
Position/School/Home Nation Answer % Correct
C/Venezuela Francisco Alvarez
100%
INF/Lake Travis HS (TX) (Mets 1st Round 2019) Brett Baty
67%
INF/Colombia Anderson Bohorquez
33%
RHP/Dominican Republic Andres German
33%
C/Venezuela Andres Regnault
33%
INF/Venezuela Angel Manzanarez
33%
OF/Dominican Republic Anthony Dirocie
33%
RHP/Dominican Republic Benito Garcia
33%
RHP/Harrison Central HS (MS) (Mets 31st Round 2018) Brendan Hardy
33%
RHP/Rowan County HS (KY) (Mets 11th Round 2016) Cameron Planck
33%
LHP/Venezuela Cesar Loaiza
33%
RHP/New Mexico (Mets 13th Round 2018) Christian Tripp
33%
OF/Azusa Pacific (Mets 33rd Round 2019) Cole Kleszcz
33%
LHP/Kent State (Mets 8th Round 2019) Connor Wollersheim
33%
RHP/Southeastern Louisiana (Mets UDFA) Corey Gaconi
33%
INF/Dominican Republic Cristopher Pujols
33%
INF/Dominican Republic Gregory Guerrero
33%
LHP/Venezuela Hector Rodriguez
33%
RHP/Southeastern Louisiana (Mets UDFA) Jared Biddy
33%
INF/Flushing HS (NY) (Mets 22nd Rounder 2018) Jaylen Palmer
33%
LHP/Venezuela Jefferson Escorcha
33%
OF/Venezuela Jhoander Saez
33%
RHP/Dominican Republic Jordany Ventura
33%
RHP/Johns Hopkins (Mets UDFA) Josh Hejka
33%
RHP/Dominican Republic Junior Santos
33%
OF/Duke (Mets 14th Round 2019) Kennie Taylor
33%
INF/Middle Tennessee State (Mets 16th Round 2018) L.A. Woodard
33%
RHP/Venezuela Luis Silva
33%
C/U Penn (Mets 20th Round 2019) Matt O'Neill
33%
LHP/Stetson (Mets 26th Round 2019) Mitchell Senger
33%
RHP/University HS (FL) (Mets 13th Round 2017) Nate Peden
33%
RHP/Florida International (Mets 23rd Round 2019) Nick MacDonald
33%
LHP/Venezuela Nixon Silva
33%
RHP/Dominican Republic Ramon Guzman
33%
RHP/Dominican Republic Reyson Santos
33%
OF/Illinois-Chicago (Mets 10th Round 2019) Scott Ota
33%
INF/Dominican Republic Sebastian Espino
33%
OF/North Florida (Mets 18th Round 2019) Tanner Murphy
33%
C/Venezuela Wilfred Astudillo
33%
RHP/Puerto Rico (Mets 20th Round 2017) Yadiel Flores
33%
C/Central Missouri (Mets UDFA) Zak Whalin
33%
LHP/Dominican Republic Cristopher Dominguez
0%
RHP/Dominican Republic Jender De Jesus
0%
RHP/Dominican Republic Michel Otanez
0%
RHP/Dominican Republic Yeudy Colon
0%
No matching quizzes found
Score Distribution
Percent of People with Each Score
Percentile by Number Answered
Your Score History
You have not taken this quiz